<?xml version="1.0" encoding="UTF-8"?>
<record
    xmlns:xsi="http://www.w3.org/2001/XMLSchema-instance"
    xsi:schemaLocation="http://www.loc.gov/MARC21/slim http://www.loc.gov/standards/marcxml/schema/MARC21slim.xsd"
    xmlns="http://www.loc.gov/MARC21/slim">

  <leader>00378    a2200133   4500</leader>
  <controlfield tag="005">20250614081919.0</controlfield>
  <datafield tag="020" ind1=" " ind2=" ">
    <subfield code="a">0 340 738 014</subfield>
  </datafield>
  <datafield tag="082" ind1=" " ind2=" ">
    <subfield code="a">LECT  658.453 GIL</subfield>
  </datafield>
  <datafield tag="100" ind1=" " ind2=" ">
    <subfield code="a">GILLESPIE, A.</subfield>
  </datafield>
  <datafield tag="245" ind1=" " ind2=" ">
    <subfield code="a">Business   Reports  for   Level  Business Studies</subfield>
  </datafield>
  <datafield tag="260" ind1=" " ind2=" ">
    <subfield code="a">London,</subfield>
    <subfield code="b">Hodder   &amp; Stoughton,</subfield>
    <subfield code="c">1999.</subfield>
  </datafield>
  <datafield tag="300" ind1=" " ind2=" ">
    <subfield code="a">v,  138p.: Ill.;  figures.</subfield>
    <subfield code="b">Index</subfield>
    <subfield code="c">30cm.</subfield>
  </datafield>
  <datafield tag="942" ind1=" " ind2=" ">
    <subfield code="2">ddc</subfield>
    <subfield code="c">BKS</subfield>
  </datafield>
  <datafield tag="999" ind1=" " ind2=" ">
    <subfield code="c">4053</subfield>
    <subfield code="d">4053</subfield>
  </datafield>
  <datafield tag="952" ind1=" " ind2=" ">
    <subfield code="r">2025-06-14 08:21:20</subfield>
    <subfield code="l">0</subfield>
    <subfield code="o">LECT  658.453 GIL</subfield>
    <subfield code="p">00000013017</subfield>
    <subfield code="v">30000.00</subfield>
    <subfield code="w">2025-06-14</subfield>
    <subfield code="y">BKS</subfield>
    <subfield code="1">0</subfield>
    <subfield code="2">ddc</subfield>
    <subfield code="4">0</subfield>
    <subfield code="7">0</subfield>
    <subfield code="0">0</subfield>
    <subfield code="a">CBEML</subfield>
    <subfield code="b">CBEML</subfield>
    <subfield code="c">GEN</subfield>
    <subfield code="d">2003-02-01</subfield>
    <subfield code="g">10000.00</subfield>
  </datafield>
  <datafield tag="952" ind1=" " ind2=" ">
    <subfield code="r">2025-06-14 08:21:20</subfield>
    <subfield code="l">0</subfield>
    <subfield code="o">LECT  658.453 GIL</subfield>
    <subfield code="p">00000013018</subfield>
    <subfield code="v">30000.00</subfield>
    <subfield code="w">2025-06-14</subfield>
    <subfield code="y">BKS</subfield>
    <subfield code="1">0</subfield>
    <subfield code="2">ddc</subfield>
    <subfield code="4">0</subfield>
    <subfield code="7">0</subfield>
    <subfield code="0">0</subfield>
    <subfield code="a">CBEML</subfield>
    <subfield code="b">CBEML</subfield>
    <subfield code="c">GEN</subfield>
    <subfield code="d">2003-02-01</subfield>
    <subfield code="g">10000.00</subfield>
  </datafield>
</record>
